Introduction to greek prose composition with exercises /

Guardado en:
Autor Principal: Sidwick, Arthur
Formato: Libro
Publicado: London : Longmans, Green, 1955
Materias:
Etiquetas: Agregar Etiqueta
Sin Etiquetas, Sea el primero en etiquetar este registro!
LEADER 00486nam a22001575a 4500
001 EHU.bham006334
003 AR-BHAM
005 20090611151241.0
008 130507s1955##################000#0#####d
082 4 8 |a 488 
100 1 |a Sidwick, Arthur 
245 1 0 |a Introduction to greek prose composition with exercises /  |c Arthur Sidwick. 
260 |a London :  |b Longmans, Green,  |c 1955 
300 |a 294 p. 
653 |a Griego clasico-uso del 
859 |a AR-BHAM  |b BIB. HUMANIDADES - General  |h 488  |i Si13  |p 1023.58  |t Ej.1